| 000 | 00968cam a22002775a 4500 | ||
|---|---|---|---|
| 001 | 18302733 | ||
| 005 | 20160828121303.0 | ||
| 008 | 140915t2015 maua frb 001 0 eng d | ||
| 020 | _a9780128002292 | ||
| 040 |
_aDLC _beng _cDLC _dDLC _dEG-ScBUE |
||
| 082 | 0 | 4 |
_a363.256 _222 _bMCC |
| 100 | 1 |
_aMcCue, Colleen. _940922 |
|
| 245 | 1 | 0 |
_aData mining and predictive analysis : _bintelligence gathering and crime analysis / _cColleen McCue. |
| 250 | _a2nd. ed. | ||
| 260 |
_aWaltham : _bButterworth-Heinemann / Elsevier, _cc.2015. |
||
| 300 |
_axxvii, 393 p. : _bill. ; _c24 cm. |
||
| 500 | _aIndex : p. 385-393. | ||
| 504 | _aIncludes bibliographical references. | ||
| 650 | 7 |
_aCrime analysis. _2BUEsh _940923 |
|
| 650 | 7 |
_aData mining in law enforcement. _2BUEsh _940924 |
|
| 650 | 0 |
_aLaw enforcement _xData processing. _2BUEsh |
|
| 650 | 7 |
_aCriminal behavior, Prediction of. _2BUEsh _940925 |
|
| 651 | _2BUEsh | ||
| 653 |
_bCOMSCI _bLLAAWW _cAugust 2016 |
||
| 942 | _2ddc | ||
| 999 |
_c22252 _d22224 |
||